000 00948nam a22002417i 4500
999 _c22981
_d22981
003 AR-CdUCM
008 240812b20202020 pe||||| |||| 00| 0 spa d
020 _a978-612-4392-30-6
040 _aMUNICIPALIDAD PROVINCIAL DEL CUSCO
_cBIBLIOTECA MUNICIPAL DEL CUSCO
082 _aEP / 869.5635 / V21I
_bV21I
100 _aValencia Saire, Fernando.
_950175
245 _aInkaq Suchin = El tesoro del Inka =
_bThe treasure of the Inka /
260 _aSan Jerónimo, Cusco :
_bYaw! Runa Simi Studios,
_bUniversidad Andina Del Cusco,
_c2020
300 _a61 páginas. :
_bIlustraciones a color,
_c21 cm.
650 _aLiteratura infantil
_9588
650 _aTexto en quechua, inglés y español.
_950216
650 _aSantuario Histórico de Machu Picchu
_96214
650 _aCuentos
_950217
700 _aMiguel Fernández Baca Pareja
_950177
700 _aValencia Saire Rodrigo [Ilustrador]
_950178
942 _2ddc
_cLIBROS
945 _apbj
_d2024-08-12